The architecture of computer hardware and systems software: An information technology approach (Record no. 688)

MARC details
000 -LEADER
fixed length control field 00445nam a2200157Ia 4500
008 - FIXED-LENGTH DATA ELEMENTS--GENERAL INFORMATION
fixed length control field 130318s9999 xx 000 0 und d
020 ## - INTERNATIONAL STANDARD BOOK NUMBER
International Standard Book Number 0471368970
082 ## - DEWEY DECIMAL CLASSIFICATION NUMBER
Classification number 004.22 ENG/A
100 ## - MAIN ENTRY--PERSONAL NAME
Personal name Englander, Irv
245 ## - TITLE STATEMENT
Title The architecture of computer hardware and systems software: An information technology approach
250 ## - EDITION STATEMENT
Edition statement 3
260 ## - PUBLICATION, DISTRIBUTION, ETC.
Name of publisher, distributor, etc. Wiley
Place of publication, distribution, etc. U.S.A
Date of publication, distribution, etc. 2003
300 ## - PHYSICAL DESCRIPTION
Extent 729
650 ## - SUBJECT ADDED ENTRY--TOPICAL TERM
Topical term or geographic name entry element COMPUTER ARCHITECTURE
650 ## - SUBJECT ADDED ENTRY--TOPICAL TERM
Topical term or geographic name entry element SYSTEM SOFTWARE
Holdings
Withdrawn status Lost status Damaged status Not for loan Collection code Home library Current library Shelving location Date acquired Cost, normal purchase price Total Checkouts Total Renewals Full call number Barcode Date last seen Date last checked out Price effective from Koha item type
        Computer Architecture Kerala University of Digital Sciences, Innovation and Technology Knowledge Centre Kerala University of Digital Sciences, Innovation and Technology Knowledge Centre Computer Science 18/03/2013 1192.00 4   004.22 ENG/A 691 08/02/2022 08/02/2022 18/03/2013 Books